Central Library and Information Centre
Sibsagar Girls' College, Sivasagar : Assam

GOALPORIYA LOKA KATHAR SUGANDHI SAURABH (A Collection of Various Folklore of Goalpara District) (Record no. 20275)

MARC details
000 -LEADER
fixed length control field 00493cam a2200181ua 4500
008 - FIXED-LENGTH DATA ELEMENTS--GENERAL INFORMATION
fixed length control field 190311n2014 II |||gr||||Z||||||asm
040 ## - CATALOGING SOURCE
Original cataloging agency MAIN
041 ## - LANGUAGE CODE
-- English
082 ## - DEWEY DECIMAL CLASSIFICATION NUMBER
Classification number 891.451 NATH
100 ## - MAIN ENTRY--PERSONAL NAME
Personal name NATH, DIJEN.,
Relator term EDITOR.
245 ## - TITLE STATEMENT
Title GOALPORIYA LOKA KATHAR SUGANDHI SAURABH (A Collection of Various Folklore of Goalpara District)
250 ## - EDITION STATEMENT
Edition statement 1ST.
260 ## - PUBLICATION, DISTRIBUTION, ETC.
Place of publication, distribution, etc. DIBRUGARH
Name of publisher, distributor, etc. BANALATA
Date of publication, distribution, etc. 2014
300 ## - PHYSICAL DESCRIPTION
Extent 280:
Dimensions 20CM.
942 ## - ADDED ENTRY ELEMENTS (KOHA)
Koha item type Books
653 ## - INDEX TERM--UNCONTROLLED
Uncontrolled term Asomiya Sahitya
Holdings
Withdrawn status Lost status Damaged status Not for loan Collection code Home library Current library Shelving location Date acquired Full call number Barcode Date last seen Copy number Price effective from Koha item type
        REFASM Central Library and Information Centre Sibsagar Girls College Central Library and Information Centre Sibsagar Girls College Assamese Culture 22.08.2014 891.451 NATH 31120 27.02.2020 1 27.02.2020 Books


Sibsagar Girl's College © 2020. All rights reserved.
Powered by Koha.
Maintained by Abhijit Borpuzari.